| 000 | 01607nam a22002537a 4500 | ||
|---|---|---|---|
| 003 | Uzh_bibl | ||
| 008 | 260428b |||||||| |||| 00| 0 ukr d | ||
| 020 | _c1.10 | ||
| 040 | _aукр. | ||
| 041 |
_2ukr _aukr |
||
| 080 | _a821(477) | ||
| 090 |
_a821(477) _bО-51 |
||
| 100 | _aОколітенко, Наталя | ||
| 245 |
_aКазка про синього птаха _hТекст |
||
| 260 |
_aКиїв _bМолодь _c1986 |
||
| 300 |
_a248 с. _fВ опр. |
||
| 520 | _aУ повістях та оповіданнях української радянської письменниці філософські ліричні роздуми над проблемами людського спілкування, заглиблення у світ прекрасного, що відкривається перед молодим допит ливим розумом. Чимало уваги у творах цієї книги приділяється також виробничим стосункам. | ||
| 521 | _aДля широкого кола читачів | ||
| 546 | _aукр. | ||
| 650 |
_aЛітературно-художнє видання _yДруга половина ХХ століття (радянський період) _zУкраїна |
||
| 653 |
_aСпілкування _aМолодь _aПраця _aМораль _aКраса |
||
| 655 |
_aПовісті та оповідання (соціально-психологічна проза з лірично-філософськими елементами) _vПовісті та оповідання |
||
| 942 |
_2udc _cBK |
||
| 999 |
_c17545 _d17545 |
||